Program Transformasi Kastam : (Record no. 3996)

000 -LEADER
fixed length control field nam a22 a 4500
005 - DATE AND TIME OF LATEST TRANSACTION
control field 20170524152223.0
008 - FIXED-LENGTH DATA ELEMENTS--GENERAL INFORMATION
fixed length control field 170524s2010 my ||||| |||| 00| 0 may d
040 ## - CATALOGING SOURCE
Original cataloging agency AKMAL
082 ## - DEWEY DECIMAL CLASSIFICATION NUMBER
Classification number 352.448595 JKDM
090 ## - LOCALLY ASSIGNED LC-TYPE CALL NUMBER (OCLC); LOCAL CALL NUMBER (RLIN)
Classification number (OCLC) (R) ; Classification number, CALL (RLIN) (NR) 352.448595
Local cutter number (OCLC) ; Book number/undivided call number, CALL (RLIN) JKDM
245 10 - TITLE STATEMENT
Title Program Transformasi Kastam :
Remainder of title Pelan Hala Tuju T15 /
Statement of responsibility, etc. dihasilkan oleh Jabatan Kastam Diraja Malaysia.
260 ## - PUBLICATION, DISTRIBUTION, ETC.
Place of publication, distribution, etc. Putrajaya:
Name of publisher, distributor, etc. Jabatan Kastam Diraja Malaysia,
Date of publication, distribution, etc. 2010
300 ## - PHYSICAL DESCRIPTION
Extent 180mukasurat:
Other physical details il. wrn.
Dimensions 25cm
650 10 - SUBJECT ADDED ENTRY--TOPICAL TERM
Topical term or geographic name entry element Customs Administration
General subdivision Law and legislation
9 (RLIN) 6000
710 2# - ADDED ENTRY--CORPORATE NAME
Corporate name or jurisdiction name as entry element Jabatan Kastam Diraja Malaysia
9 (RLIN) 836
942 ## - ADDED ENTRY ELEMENTS (KOHA)
Source of classification or shelving scheme
Koha item type Book
950 ## - LOCAL HOLDINGS (RLIN)
Permanent shelving location, LOC (RLIN) AKMAL
Holdings
Withdrawn status Lost status Source of classification or shelving scheme Damaged status Not for loan Collection code Home library Current library Shelving location Date acquired Inventory number Total Checkouts Full call number Barcode Date last seen Price effective from Koha item type
          NON-FICTION AKMAL Melaka AKMAL Melaka PINJAMAN 24.05.2017 002625   352.448595 JKDM 201705242 24.05.2017 24.05.2017 Book
          NON-FICTION AKMAL Melaka AKMAL Melaka PINJAMAN 24.05.2017 002627   352.448595 JKDM 201705243 24.05.2017 24.05.2017 Book
Pusat Sumber Maklumat Dato' Haji Sarmin Md Hussin, Akademi Kastam Diraja Malaysia, Melaka
Tel: 06-2331106 | Faks: 06-2313787